000 00610nam a2200229Ia 4500
005 20250425161420.0
008 250425s9999 xx 000 0 und d
041 _aeng
082 _a623.374
110 _aAMERICAN CHEMICAL SOCIETY
245 0 _aNONMILITARY DEFENSE CHEMICAL AND BIOLOGICAL DEFENSES IN PERSPECTIVE
250 _a1ST ED.
260 _aEstados Unidos
_bAMERICAN CHEMICAL SOCIETY
_c1960
260 _aWASHINGTON
300 _a100
650 _aDEFENSA CIVIL
650 _aESTADOS UNIDOS
650 _aGUERRA BIOLOGICA
650 _aGUERRA QUIMICA
942 _c01
010 _a19805
999 _c208806
_d208806